000 00510nam a2200181Ia 4500
005 20230601104607.0
008 131103s9999 xx 000 0 und d
040 _aLoreto College
041 _aEnglish
082 _a809.3
_bKRU
100 _aKrutch, Joseph Wood
245 _aFive masters
_b a study in the mutations of the novel
_cJoseph Wood Krutch
260 _aBloomington
_bIndian University Press
_c1959
300 _axiii,328p.
650 _aFictions - Criticism
850 _aLCLIB
942 _cBK
999 _c21011
_d71490